[Event "Belgrade Investbank"]
[Site "Belgrade"]
[Date "1989.11.??"]
[Round "2"]
[White "Hjartarson, Johann"]
[Black "Timman, Jan H"]
[Result "1/2-1/2"]
[WhiteElo "2555"]
[BlackElo "2635"]
[Annotator "Ftacnik,L"]
[PlyCount "73"]
[EventDate "1989.11.??"]
[EventType "tourn"]
[EventRounds "11"]
[EventCountry "YUG"]
[EventCategory "15"]
[SourceTitle "CBM 016"]
[Source "ChessBase"]
[SourceDate "1990.06.01"]
[SourceVersion "1"]
[SourceVersionDate "1990.06.01"]
[SourceQuality "1"]

1. d4 Nf6 2. c4 e6 3. Nc3 Bb4 4. Qc2 O-O 5. a3 Bxc3+ 6. Qxc3 b6 7. Bg5 Bb7 8.
f3 d6 9. e4 c5 10. d5 Nbd7 11. Nh3 h6 12. Bf4 exd5 13. cxd5 Re8 $5 {N} 14.
O-O-O Ne5 15. g4 Bc8 16. Kb1 $6 (16. Rg1) (16. Nf2) 16... Nxf3 17. Qxf3 Bxg4
18. Qb3 (18. Qd3 Rxe4 $19) 18... Bxd1 19. Qxd1 Nxe4 (19... Rxe4 $5 20. Bg2 Re8)
20. Bb5 Qf6 21. Bxe8 Rxe8 22. Qg4 Qg6 23. Qxg6 fxg6 24. Rd1 (24. Bg3 $5 g5 25.
Nf2 $15) 24... g5 25. Bd2 Rf8 26. Bc1 Rf5 27. Re1 Nf6 28. Re6 Rxd5 29. Re7 Re5
(29... Rd1 $1 30. Rxa7 Rh1 $17) 30. Rxa7 Re2 31. Bxg5 hxg5 32. Nxg5 g6 33. Rb7
Nd5 34. Rd7 Ne3 35. Ne4 Nc4 36. Nf6+ Kf8 37. Nh7+ {Ftacnik} 1/2-1/2

[Event "FIDE-Wch"]
[Site "NED/INA"]
[Date "1993.??.??"]
[Round "15"]
[White "Timman, Jan H"]
[Black "Karpov, Anatoly"]
[Result "0-1"]
[WhiteElo "2620"]
[BlackElo "2760"]
[Annotator "Ftacnik,L"]
[PlyCount "68"]
[EventDate "1993.09.??"]
[EventType "match"]
[EventRounds "21"]
[EventCountry "NED"]
[SourceTitle "CBM 036"]
[Source "ChessBase"]
[SourceDate "1993.10.01"]
[SourceVersion "1"]
[SourceVersionDate "1993.10.01"]
[SourceQuality "1"]

1. d4 Nf6 2. c4 e6 3. Nc3 Bb4 4. Qc2 O-O 5. a3 Bxc3+ 6. Qxc3 b6 7. Bg5 c5 8.
dxc5 bxc5 9. e3 Nc6 10. Nh3 $6 (10. Bd3 $2 Rb8 $2 (10... Qa5 $1 11. Qxa5 Nxa5
12. b4 Nc6 $140 13. b5 Ne5) 11. Nf3 h6 12. Bh4 d6 (12... Qa5 13. Qxa5 Nxa5 14.
b4 $1) 13. O-O Qe7 14. Rfd1 $14 {Seirawan,Y-Hjartarson,J/Barcelona/1988/}) (10.
Nf3 h6 11. Bh4 Qa5 12. Qxa5 Nxa5 13. b4 Nc6 14. b5 Na5 15. Bd3 Bb7 16. O-O Ne4
$10 {Peng Zhaoqin-Galiamova Ivanchuk,A/Azov iztw/1990/}) 10... h6 11. Bh4 $2 (
11. Bxf6 Qxf6 12. Qxf6 gxf6 13. O-O-O (13. Nf4 d6) 13... Rd8 $1 14. Rd6 $6 Kf8
15. Be2 Ke7 16. Rhd1 $2 Nd4 $1) 11... g5 $1 12. Bg3 (12. Nxg5 hxg5 13. Bxg5 Ne4
14. Bxd8 Nxc3 15. Bc7 $132) 12... Ne4 13. Qc2 Qa5+ 14. Ke2 (14. Kd1 $5) (14. b4
$2 Nxb4 15. Qxe4 Nd5+ 16. Ke2 Nc3+ $19) 14... f5 $1 (14... d5 15. f3 Nxg3+ 16.
hxg3 Ba6 $1 17. Nxg5 $1) 15. f3 Nxg3+ 16. hxg3 Rb8 $1 17. Nf2 $2 (17. Kf2 $5
Qb6 18. Rb1 Qb3 19. Qd2 $17) 17... Ba6 18. Nd3 (18. Rxh6 Bxc4+ $1 19. Nd3 (19.
Qxc4 Rxb2+) 19... Ne5 20. Kf2 Bxd3 21. Bxd3 Rxb2 $1 $19) 18... d5 19. b3 (19.
cxd5 Bxd3+ $1 (19... c4 20. Kf2 cxd3 21. Qxc6 Qd2+ $17) 20. Kxd3 (20. Qxd3
Rxb2+ 21. Kd1 c4) 20... Nb4+ 21. axb4 Qxa1 22. dxe6 Qe1 $1 23. e7 Rfd8+ 24.
exd8=Q+ Rxd8+ 25. Kc4 Qxb4#) 19... Rxb3 $5 20. Qxb3 dxc4 21. Qa2 $2 (21. Qb2 $1
cxd3+ 22. Kf2 Kh7 $1 (22... c4 23. Rxh6 c3 24. Qb3 Nd8 25. Rxe6 $1) (22... Rb8
23. Qf6 Qd2+ 24. Kg1 Qxe3+ 25. Kh2 $132) 23. Bxd3 $1 (23. Rc1 $5 e5 (23... Rb8
24. Rxh6+ $1) 24. Qc3) 23... Bxd3 24. Qb7+ Kg6 25. Qxc6 Qd2+ 26. Kg1 Qxe3+ 27.
Kh2 $13) 21... cxd3+ 22. Kf2 Rf6 $1 23. Rc1 Kg7 (23... c4 24. Bxd3 (24. Rxc4
Bxc4 25. Qxc4 Qd2+ $19) 24... Nb4 $19) 24. f4 c4 25. Qb2 (25. Bxd3 $2 Nb4)
25... e5 26. fxg5 hxg5 27. Rc3 Qb6 $1 28. Qxb6 axb6 29. Rh5 Ne7 $1 (29... e4
30. Rxg5+ Kh6 31. Rg8 Ne5 32. Ke1 Ng4 33. Kd2 Rg6 34. Ra8 b5 $17) 30. Bxd3 (30.
Rxg5+ Kh6) 30... cxd3 31. Rc7 Re6 32. Ke1 Bb5 33. g4 Kg6 34. Rh8 f4 0-1

[Event "Linares Anibal op 04th"]
[Site "Linares"]
[Date "1997.??.??"]
[Round "7"]
[White "Vera Gonzalez Quevedo, Reynaldo"]
[Black "Lalic, Bogdan"]
[Result "1/2-1/2"]
[WhiteElo "2510"]
[BlackElo "2585"]
[Annotator "Ftacnik,L"]
[PlyCount "82"]
[EventDate "1997.02.??"]
[EventType "swiss"]
[EventRounds "10"]
[EventCountry "ESP"]
[SourceTitle "CBM 058"]
[Source "ChessBase"]
[SourceDate "1997.06.01"]
[SourceVersion "1"]
[SourceVersionDate "1997.06.01"]
[SourceQuality "1"]

1. d4 Nf6 2. c4 e6 3. Nc3 Bb4 4. Qc2 O-O 5. a3 Bxc3+ 6. Qxc3 b6 7. Bg5 Ba6 8.
e3 d6 9. Bd3 Nbd7 10. Ne2 c5 11. b4 (11. Rc1 Rc8 12. Qd2 h6 13. Bh4 cxd4 14.
exd4 e5 (14... d5 15. cxd5 Bxd3 16. Rxc8 Qxc8 17. dxe6 Bxe2 18. exd7 Qxd7 19.
Bxf6 Re8 20. Be5 Bb5 21. Kd1 f6 22. Bg3 Qf5 23. Qc2 Qg4+ {0-1 Amura,
C-Baginskaite,K/Manila olw/1992/}) 15. b3 e4 16. Bb1 d5 17. cxd5 Rxc1+ 18. Qxc1
Qe7 19. Qe3 Qxa3 20. O-O Re8 21. Re1 Nxd5 22. Qh3 Qb4 23. Rd1 Re6 {0-1 Olsen,
P-Rozentalis,E/Copenhagen PC (01)/1996}) (11. dxc5 Nxc5 12. Bc2 Rc8 13. Qd4 h6
14. Bxf6 Qxf6 15. b3 b5 16. Qxf6 gxf6 17. cxb5 Bxb5 $15 {Azmaiparashvili,
Z-Kortschnoj,V/Moscow PSA 25'/1995/0,5/62/}) (11. Qb3 Qc8 (11... h6 12. Bh4
cxd4 13. exd4 Qc7 14. Rc1 Qb7 15. O-O d5 16. cxd5 Nxd5 17. Bxa6 Qxa6 18. Nc3
Nxc3 19. bxc3 b5 20. f4 g6 21. Rb1 Rab8 22. d5 Rfc8 23. Bf2 {Touzane,O-San
Segundo,P/Linares op (03)/1997/1/2-1/2 (51)}) 12. Rc1 Qb7 13. O-O cxd4 14. exd4
d5 15. cxd5 Nxd5 16. Bxa6 Qxa6 17. Nc3 N7f6 18. Bxf6 Nxf6 19. Rfd1 Rac8 20. d5
exd5 21. Nxd5 Nxd5 22. Qxd5 Rxc1 23. Rxc1 Qe2 24. Qd4 Qe7 25. Rd1 {1/2-1/2
Arlandi,E-Hellsten,J/Erevan olm (02) 1996}) (11. O-O Rc8 (11... h6 12. Bh4 cxd4
13. exd4 (13. Nxd4 Rc8 14. b3 d5 15. Rfd1 Ne4 16. Bxe4 Qxh4 17. Bd3 Ne5 18. Be2
Rfe8 19. Qb4 dxc4 20. bxc4 Bxc4 21. Bxc4 Nxc4 22. Nb5 a5 23. Qb3 Red8 {0-1
Olsen,P-Hyldkrog,L/Copenhagen PC (10)/1996 (33)}) 13... Rc8 14. Qb3 e5 15. Qa4
Bb7 16. Bf5 g5 17. Bg3 Rc7 18. Rad1 Qe7 19. Nc3 a6 20. Rfe1 Re8 21. Qb3 Qf8 22.
dxe5 dxe5 23. Na4 {1-0 Hoang Than Trang-Kachiani Gersinska,K/Erevan olw (07)/
1996 (43)}) 12. Qb3 (12. b3 h6 13. Bh4 d5 14. Rac1 cxd4 15. exd4 dxc4 16. bxc4
Bxc4 17. Bxc4 b5 18. Qb3 bxc4 19. Rxc4 Rxc4 20. Qxc4 Qa5 21. Qd3 Rc8 {
Prudnikova Svetlana-Voiska Margarita/JUG-chW1 Vrnjacka Banja 1996/0-1 (72)})
12... d5 13. Rfc1 (13. Qa4 cxd4 14. Bxf6 gxf6 15. Qxa6 Nc5 16. Bxh7+ Kxh7 17.
Qb5 d3 18. Nf4 a6 19. Qb4 dxc4 20. Qxc4 b5 21. Qa2 Rc6 {0-1 Llanos,G-Pereyra
Arcija,D/ARG-ch Pena City (14)/1996 (40)}) 13... b5 14. cxb5 c4 15. Bxc4 dxc4
16. Qa4 Bb7 17. Qxa7 Be4 18. Qa4 Qb6 19. Nc3 Ba8 20. Qb4 e5 21. Rd1 Ne4 22.
Nxe4 Bxe4 23. f3 Bd3 24. a4 exd4 25. a5 Qg6 26. Bf4 dxe3 27. b6 {Dao Thien
Hai-Nisipeanu,L/Balatonbereny (04)/1996/0-1 (67)}) 11... Rc8 (11... cxd4 12.
exd4 Rc8 13. Qb3 h6 14. Bh4 e5 15. Rc1 (15. f3 exd4 16. O-O Ne5 17. b5 Bb7 18.
Nxd4 d5 19. Bxf6 Qxf6 20. cxd5 Nd7 21. Qb4 Bxd5 22. Rad1 $11) (15. b5 Bb7 16.
O-O exd4 (16... e4 17. Bb1 Qc7 (17... d5 18. cxd5 g5 19. Bg3 Bxd5 20. Qb2 $14)
(17... Re8 $5) 18. Ba2 (18. Rc1 $1 d5 19. Bg3 Qd8 20. Qa4 Rxc4 21. Rxc4 dxc4
22. Qxa7 Qa8 23. Qxa8 Rxa8 24. Nc3 $14) 18... d5 19. Qa4 Qb8 (19... dxc4 $2 20.
Bg3 Qd8 21. Qxa7 Bd5 22. Nc3 $14 {/\} Ra8 23. Qc7 Qxc7 24. Bxc7 Rxa3 $2 25.
Nxd5 Nxd5 26. Bd6 $16) 20. Bg3 Qa8 21. Nc3 {1/2-1/2 Baburin,A-Rozentalis,E/
Copenhagen PC (05)/1996 (31)}) 17. Nxd4 d5 18. Nf5 Rc5 19. Bc2 $13 Ne5 20. Qg3
Ng6 21. Rfe1 Qc7 22. Nxh6+ gxh6 23. Bxf6 Qxg3 24. hxg3 $14 {1-0 Baburin,
A-Wirthensohn,H/SWZ-GP Wohlen (01)/1993 (34)}) 15... e4 (15... exd4 16. O-O Ne5
17. b5 Bb7 18. Nxd4 d5 $11 {Vera,R-Morovic Fernandez,I/Capablanca mem-A (00)/
1996/}) 16. Bb1 $6 (16. Bxe4 $5 g5 17. Bf3 d5 18. b5 Bb7 19. Bg3 Re8 20. Qb2
Ba8 21. h4 $14) 16... d5 17. b5 $1 dxc4 (17... Bb7 18. O-O dxc4 19. Rxc4 Bd5
20. Rxc8 Qxc8 $15) 18. Rxc4 Rxc4 (18... Bb7 19. Rxc8 Qxc8 20. O-O) 19. Qxc4 Bb7
20. O-O Qa8 21. Qc7 {1-0 Vera,R-Izeta,F/Leon-B (07)/1996 (38)}) 12. dxc5 bxc5 (
12... dxc5 13. b5 Bb7 14. O-O-O Qc7 15. f3 a6 16. a4 Ra8 17. Kb2 axb5 18. axb5
Ra7 19. Bf4 e5 20. Bg3 Rfa8 21. Ra1 Qb8 22. Bc2 Rxa1 23. Rxa1 Rxa1 24. Kxa1
Qa8+ 25. Kb2 {1/2-1/2 Kohlweyer,B-Hobuss,U/Geneva op (08) 1997 (44)}) 13. b5
Bb7 14. O-O h6 15. Bh4 d5 (15... Re8 16. Rfd1 Nd5 {1/2-1/2 Hoang Than
Trang-Aagaard,J/Budapest FS08 GM (06)/ 1996}) 16. Rfd1 Ne4 17. Bxd8 (17. Bxe4
Qxh4 18. Nf4 d4 19. Qc2 Bxe4 20. Qxe4 e5 $11) 17... Nxc3 18. Nxc3 (18. Be7 Nxd1
19. Bxf8 Nb2 $19) 18... Rcxd8 (18... Rfxd8 19. cxd5 exd5 20. Bf5 $14) 19. cxd5
exd5 20. Be2 Nb6 21. Rd2 (21. Bf3 d4 22. Bxb7 dxc3 23. Rdc1 Na4 $36) 21... d4
22. Rad1 Rc8 (22... dxc3 23. Rxd8 c2 24. Rxf8+ Kxf8 25. Rc1 Be4 26. f3 $18) 23.
exd4 cxd4 24. Na2 Rfe8 25. Bf1 Bd5 26. Nb4 Bb3 (26... Bc4 27. Rxd4 $14) 27. Rb1
Bc4 28. Rxd4 Bxf1 29. Kxf1 Rc3 30. Rd3 Rc5 (30... Rxd3 31. Nxd3 Nc4 32. Ra1
Nd2+ 33. Kg1 Rd8 34. Nb4 $14) 31. Na6 Rc2 32. Re1 Rxe1+ 33. Kxe1 Rb2 34. Nb4 (
34. Nc7 Nc4 35. Rd8+ Kh7 36. a4 Ra2 $14) 34... Nc4 35. g3 (35. Nc6 Rxb5 36.
Nxa7 Ra5 $11) 35... Nxa3 36. Rxa3 Rxb4 37. Ra5 (37. Rxa7 Rxb5 $11) 37... Rb2
38. h4 g5 39. hxg5 hxg5 40. f3 (40. b6 axb6 41. Rxg5+ Kf8 $11) 40... Kg7 41. g4
Kf6 1/2-1/2

[Event "Belgrade Investbank"]
[Site "Belgrade"]
[Date "1989.11.??"]
[Round "8"]
[White "Agdestein, Simen"]
[Black "Short, Nigel D"]
[Result "1-0"]
[WhiteElo "2605"]
[BlackElo "2660"]
[Annotator "Ftacnik,L"]
[PlyCount "79"]
[EventDate "1989.11.??"]
[EventType "tourn"]
[EventRounds "11"]
[EventCountry "YUG"]
[EventCategory "15"]
[SourceTitle "CBM 016"]
[Source "ChessBase"]
[SourceDate "1990.06.01"]
[SourceVersion "1"]
[SourceVersionDate "1990.06.01"]
[SourceQuality "1"]

1. d4 e6 2. c4 Nf6 3. Nc3 Bb4 4. Qc2 O-O 5. a3 Bxc3+ 6. Qxc3 b6 7. Bg5 Bb7 8.
f3 d6 9. e4 c5 10. d5 Nbd7 11. Nh3 h6 12. Bf4 exd5 13. cxd5 Re8 14. O-O-O Ne5
15. Nf2 {N} a6 16. Bd2 b5 (16... Bc8 17. h3 Bd7 18. f4) 17. Qa5 Qe7 18. Kb1
Reb8 19. Re1 (19. Be2 $5) 19... Bc8 20. Nd1 Bd7 21. Ka1 b4 22. axb4 c4 $2 (
22... cxb4 23. Bxb4 $13) 23. Nc3 Qf8 24. Kb1 Qc8 25. Re3 $1 Rb7 (25... Rb5 26.
Nxb5 axb5 27. Qb6 Nxd5 28. exd5 Bf5+ 29. Re4 Ra6 30. Qd4 Qa8 31. Kc2 $18) 26.
Be2 Qb8 27. Nd1 Rb5 28. Qa2 Ne8 29. f4 Ng4 $6 (29... Nd3 $16) 30. Rg3 Nef6 31.
Qxc4 Rb7 32. Qd4 Qe8 33. Bf3 Rc8 34. h3 h5 35. hxg4 hxg4 36. Bc3 Rbc7 37. Ne3
Rxc3 38. bxc3 gxf3 39. Qxf6 Qxe4+ 40. Kb2 {Ftacnik} 1-0

[Event "Belgrade Investbank"]
[Site "Belgrade"]
[Date "1989.11.??"]
[Round "5"]
[White "Kozul, Zdenko"]
[Black "Hjartarson, Johann"]
[Result "0-1"]
[WhiteElo "2560"]
[BlackElo "2555"]
[Annotator "Ftacnik,L"]
[PlyCount "50"]
[EventDate "1989.11.??"]
[EventType "tourn"]
[EventRounds "11"]
[EventCountry "YUG"]
[EventCategory "15"]
[SourceTitle "CBM 016"]
[Source "ChessBase"]
[SourceDate "1990.06.01"]
[SourceVersion "1"]
[SourceVersionDate "1990.06.01"]
[SourceQuality "1"]

1. d4 Nf6 2. c4 e6 3. Nc3 Bb4 4. Qc2 O-O 5. Bg5 c5 6. dxc5 h6 7. Bh4 Na6 8. e4
$6 {N} Bxc3+ 9. bxc3 e5 $1 10. O-O-O $6 Nxc5 11. f4 Qb6 12. fxe5 Nfxe4 13. Bd3
Nxd3+ 14. Qxd3 d5 15. exd6 (15. cxd5 Bf5 16. Ne2 Nxc3 $1 $40) 15... Bf5 16. Be7
Nxd6 17. Qxd6 Qb1+ 18. Kd2 Qc2+ 19. Ke3 Rfe8 20. Rd5 Qe4+ 21. Kf2 Rxe7 $19 22.
Nf3 Re6 23. Qc5 b6 24. Qd4 Qe2+ 25. Kg1 Be4 {Ftacnik} 0-1

[Event "World Cup"]
[Site "Reykjavik"]
[Date "1991.??.??"]
[Round "12"]
[White "Hjartarson, Johann"]
[Black "Speelman, Jonathan S"]
[Result "1-0"]
[WhiteElo "2550"]
[BlackElo "2630"]
[Annotator "Ftacnik,L"]
[PlyCount "53"]
[EventDate "1991.09.??"]
[EventType "tourn"]
[EventRounds "15"]
[EventCountry "ISL"]
[EventCategory "16"]
[SourceTitle "CBM 026"]
[Source "ChessBase"]
[SourceDate "1992.02.01"]
[SourceVersion "1"]
[SourceVersionDate "1992.02.01"]
[SourceQuality "1"]

1. d4 {Hjartarson} Nf6 2. c4 e6 3. Nc3 Bb4 4. Qc2 O-O 5. a3 Bxc3+ 6. Qxc3 b6 7.
Bg5 c5 8. dxc5 bxc5 9. e3 Bb7 10. f3 h6 11. Bh4 Nc6 (11... a5 $5) (11... a5 {
Hjartarson} 12. O-O-O Ra6 $1 13. Nh3 d6 $13) 12. O-O-O $5 {N} (12. Nh3 Qa5 (
12... Rc8 13. O-O-O d5 14. cxd5 exd5 15. Kb1 Qd6 16. Nf4 d4 $132 {Hjartarson,
J-Salov,V, Amsterdam 1989.}) 13. Qxa5 Nxa5 14. b4 cxb4 15. axb4 Nc6 16. b5 Ne7
$10 {Gurevich,M-Andersson,U/Reggio Emilia/1989-90/} (16... Ne7 {Hjartarson} 17.
Bd3 Rfc8 $10 {Gurevich,M-Andersson,U, Reggio Emilia 1989/90.})) 12... Rc8 $2 (
12... Qe7 13. Bxf6 gxf6 14. Nh3 $16) (12... Ne4 13. Qe1 g5 (13... Nf6 $5) (
13... Nf6 $5 {Hjartarson /\ d5}) 14. Bg3 (14. fxe4 gxh4 15. Nf3 Qf6 $1 $132 (
15... Qf6 {Hjartarson} 16. Rxd7 Ba6 $44 {/\Ne5})) 14... Nxg3 15. Qxg3 $1 $14 (
15. hxg3 Qf6 $1 16. Rxd7 Ba6 $44)) 13. Bxf6 gxf6 14. Kb1 $1 (14. Nh3 {
Hjartarson} d5 $13 {see Hjartarson-Salov}) 14... d5 $6 15. cxd5 exd5 16. Qxc5
Ne5 17. Qd4 Qc7 18. Nh3 Qc2+ 19. Ka1 Nc6 20. Qg4+ Qg6 (20... Kh8 21. Bd3 Qc5
22. Qf5 $18) 21. Qd7 Na5 22. Bd3 (22. Nf4 $2 Rc1+ $1 23. Rxc1 Nb3+ 24. Ka2
Nxc1+ 25. Ka1 Nb3+ $10) 22... Nb3+ 23. Kb1 $1 (23. Ka2 Nc1+ 24. Rxc1 Qxd3 25.
Qxb7 Rb8) 23... Rc1+ 24. Ka2 Rxd1 25. Rxd1 (25. Bxg6 {Hjartarson} Nc1+ 26. Kb1
Rxh1 $132) 25... Nc5 26. Qxb7 Nxd3 27. Qb5 $1 {Ftacnik,L} (27. Qxd5 Nxb2 28.
Rd4 Na4 $132) (27. Qb5 $1 Ne5 28. Qxd5 $18) 1-0

[Event "World Cup"]
[Site "Reykjavik"]
[Date "1991.??.??"]
[Round "8"]
[White "Karpov, Anatoly"]
[Black "Ljubojevic, Ljubomir"]
[Result "0-1"]
[WhiteElo "2730"]
[BlackElo "2600"]
[Annotator "Ftacnik,L"]
[PlyCount "102"]
[EventDate "1991.09.??"]
[EventType "tourn"]
[EventRounds "15"]
[EventCountry "ISL"]
[EventCategory "16"]
[SourceTitle "CBM 026"]
[Source "ChessBase"]
[SourceDate "1992.02.01"]
[SourceVersion "1"]
[SourceVersionDate "1992.02.01"]
[SourceQuality "1"]

1. d4 {Ernst} Nf6 2. c4 e6 3. Nc3 Bb4 4. Qc2 O-O 5. a3 Bxc3+ 6. Qxc3 b6 7. Bg5
Bb7 8. f3 c5 9. e3 {N} (9. dxc5) 9... cxd4 10. Qxd4 (10. exd4 d5) 10... Nc6 11.
Qd6 Ne4 12. Bxd8 Nxd6 13. Bh4 Ba6 (13... Nf5 14. Bf2 Ne5 15. e4 Nd6 16. b3 $14)
14. b3 Nf5 15. Bf2 Na5 16. Rb1 (16. e4 $6 Nxb3 $1 17. Rd1 Ne7 18. Rxd7 Nc6 $17)
16... d5 17. cxd5 Bxf1 18. Kxf1 exd5 19. g4 $1 Ne7 $1 20. Ne2 Rac8 21. Rb2 (21.
Kg2 Rc2 22. Nd4) 21... f5 $1 22. Kg2 (22. g5 f4 $1 23. exf4 Ng6 24. Bg3 d4 $132
) 22... fxg4 23. fxg4 h5 $1 24. gxh5 (24. h3 hxg4 25. hxg4 Rc6 $10) 24... Rf5
25. h6 (25. Rc1 $1 $14) 25... Rg5+ $1 26. Bg3 (26. Ng3 $5) 26... Nf5 27. Kf2 (
27. hxg7 {Ernst} Nxe3+ 28. Kf3 Nc2 29. Rc1 Nd4+ 30. Kg2 $10) 27... Nxh6 28. Nd4
(28. Rd1 $10) 28... Ng4+ 29. Ke2 (29. Kf3 Rf8+ 30. Ke2 Nxh2 $1) 29... Nf6 30.
Kf3 Nc6 31. Ne6 (31. Nxc6 Rxc6 32. Bf4 Rf5 33. h4 d4 $15) 31... Rf5+ 32. Kg2
Re8 33. Nd4 Nxd4 34. exd4 Re3 35. Re1 Rd3 36. Re5 Rff3 37. Re7 a5 38. b4 $6 (
38. Be5 $1 $132) 38... Nh5 $1 39. bxa5 Nxg3 (39... bxa5 $19 {Ernst}) 40. hxg3
$2 (40. axb6 $1 Nh5 (40... Nf5 41. Re1 Nh4+ 42. Kg1) 41. Re1 Nf4+ 42. Kg1 Rb3
43. Reb1 Nh3+ 44. Kg2 Nf4+ 45. Kg1 $10) 40... Rxg3+ 41. Kh2 bxa5 42. Rd7 $2 (
42. Re5 Rh3+ 43. Kg2 Rdg3+ 44. Kf1 Rh1+ 45. Kf2 Rxa3 $17) 42... Rg5 43. Rg2
Rxg2+ 44. Kxg2 Rxd4 45. Kf3 Rd3+ 46. Ke2 Rxa3 47. Rxd5 Kh7 48. Kf2 Kh6 49. Rc5
g5 50. Kg2 Kh5 51. Rd5 Kh4 {Ftacnik,L} 0-1

[Event "Dortmunder Schachtage-A 18th"]
[Site "Dortmund"]
[Date "1990.04.11"]
[Round "6"]
[White "Chernin, Alexander"]
[Black "Brunner, Lucas"]
[Result "1-0"]
[WhiteElo "2600"]
[BlackElo "2525"]
[Annotator "Ftacnik,L"]
[PlyCount "121"]
[EventDate "1990.04.05"]
[EventType "tourn"]
[EventRounds "11"]
[EventCountry "GER"]
[EventCategory "13"]
[SourceTitle "CBM 018"]
[Source "ChessBase"]
[SourceDate "1990.10.01"]
[SourceVersion "1"]
[SourceVersionDate "1990.10.01"]
[SourceQuality "1"]

1. d4 Nf6 2. c4 e6 3. Nc3 Bb4 4. Qc2 O-O 5. a3 Bxc3+ 6. Qxc3 b6 7. Bg5 Bb7 8.
Nh3 h6 9. Bh4 Re8 10. e3 Qe7 (10... d5 11. cxd5 Nxd5 $2 12. Bxd8 Nxc3 13. Bxc7)
11. f3 d5 12. Bd3 (12. cxd5 Nxd5 13. Bxe7 Nxc3 $10) 12... Nbd7 13. cxd5 exd5
14. O-O $5 {N} (14. Bf2 c5) 14... c5 (14... Qxe3+ 15. Bf2 Qe7 16. Qxc7 $16) 15.
Rfe1 Rac8 (15... Ne4 $2 16. Bxe7 Nxc3 17. Bh4 Na4 18. Bb5 $18) 16. Nf2 cxd4 (
16... c4 17. Bc2 b5 18. e4 $16) 17. Qxd4 Ne5 (17... Qe5) 18. Bb5 Nc6 $2 (18...
Bc6 19. Bf1) (18... Red8 19. Rac1) 19. Bxc6 Rxc6 20. Ng4 Rc4 21. Bxf6 (21.
Nxf6+ $2 gxf6 22. Bxf6 Qe6 $19) 21... Qe6 (21... gxf6 22. Qxf6 (22. Nxf6+ Kh8
23. Nxe8+ Rxd4 24. exd4 $16)) 22. Qd2 Rxg4 $5 (22... gxf6 23. Nxh6+ Kf8 24. Ng4
$18) 23. fxg4 Qxf6 24. Qf2 Qd6 25. Rad1 Qe6 26. Qf5 Qd6 27. Rd4 Re5 28. Qf2 f6
29. Rc1 Bc6 30. Qc2 Be8 31. Qd3 Qe6 32. Rc3 Rg5 33. Qa6 Kh7 (33... Re5 34. Qc8)
(33... Qe7 34. Qc8 Kh7 35. Qc7) 34. Qxa7 h5 35. Rb4 (35. gxh5 Bxh5 $132) 35...
hxg4 36. Qxb6 Qe5 37. Qd4 Qd6 38. Rb6 Qe7 39. Ra6 Bg6 40. Ra7 Qe6 41. Rac7 Re5
42. R7c6 Qf5 43. R6c5 Qe6 44. Rc6 Qf5 45. R3c5 Qh5 46. Qf4 g3 47. hxg3 Qd1+ 48.
Qf1 Qd2 49. Qc1 Qe2 50. Rc2 $1 (50. Rc3 Be4) 50... Bxc2 51. Qxc2+ Qxc2 52. Rxc2
Rxe3 53. Rc3 $1 Re2 54. b4 Rb2 55. Rd3 Kg6 56. Kh2 (56. Rxd5 Rb3 57. Ra5 Rxg3
58. b5 $18) 56... Ra2 57. Rb3 d4 58. b5 Kf5 59. b6 d3 60. b7 $1 (60. Rxd3 Rb2
61. Rd6 Ke5) 60... d2 61. Rb1 {Ftacnik,L} 1-0

[Event "Linares 09th"]
[Site "Linares"]
[Date "1991.??.??"]
[Round "12"]
[White "Gurevich, Mikhail"]
[Black "Karpov, Anatoly"]
[Result "1/2-1/2"]
[WhiteElo "2650"]
[BlackElo "2725"]
[Annotator "Ftacnik,L"]
[PlyCount "94"]
[EventDate "1991.02.??"]
[EventType "tourn"]
[EventRounds "13"]
[EventCountry "ESP"]
[EventCategory "17"]
[SourceTitle "CBM 022"]
[Source "ChessBase"]
[SourceDate "1991.06.01"]
[SourceVersion "1"]
[SourceVersionDate "1991.06.01"]
[SourceQuality "1"]

1. d4 Nf6 2. c4 e6 3. Nc3 Bb4 4. Qc2 O-O 5. a3 Bxc3+ 6. Qxc3 b6 7. Bg5 Bb7 8.
f3 h6 9. Bh4 d5 10. e3 Nbd7 11. cxd5 Nxd5 12. Bxd8 Nxc3 13. Bh4 Nd5 14. Bf2 f5
{N} (14... c5 15. e4 Ne7 16. Bb5 Nc6 17. Ne2 Rfc8 $10 {Gurevich,
M-Polugajevskij,L/New York op/1989/ ->CBM 12}) 15. Bc4 Rac8 16. Ne2 c5 17. Bb5
Rf7 (17... Bc6 18. Ba6 Rce8 19. O-O $14) 18. O-O a6 19. Bd3 b5 20. Rac1 (20.
dxc5 Nxc5 21. Bc2 Na4 $1 $10) 20... c4 21. Bc2 e5 (21... N5f6 22. Nf4 $14) 22.
dxe5 Nxe5 23. Rfd1 Re8 24. Nc3 $1 Nxc3 (24... Nd3 25. Bxd3 cxd3 26. Rxd3 $16)
25. bxc3 g5 (25... Re6 26. Rd8+ Kh7 27. Rcd1 g5 28. R1d6 $14) 26. Rd6 g4 27.
fxg4 (27. f4 Nd3 28. Bxd3 cxd3 29. Rxd3 Re6 $10) 27... Nxg4 28. Rg6+ Kf8 (28...
Kh7 $2 29. Rxg4 $18) 29. Bg3 Rxe3 30. Rd1 Rf6 $1 (30... f4 $2 31. Rd8+ Ke7 (
31... Re8 32. Rxe8+ Kxe8 33. Rxg4 fxg3 34. Bg6 $18) 32. Bh4+ Nf6 33. Rb8 $18)
31. Rxf6+ Nxf6 32. Bxf5 Be4 (32... Rxc3 $2 33. Be5 $18) 33. Rd6 Ne8 34. Bxe4
Rxg3 $1 (34... Rxe4 35. Rxh6 $18) 35. Rxh6 Rxc3 36. Rxa6 Ke7 37. h4 Nf6 38. Bf5
(38. Bf3 $5) 38... Rb3 39. Re6+ Kf7 40. Rb6 Ke7 41. Re6+ (41. g4 Nxg4 42. Bxg4
Rg3+ 43. Kf2 Rxg4 $10) 41... Kf7 42. Re5 Kf8 43. Kh2 c3 44. Kg1 (44. Rc5 $5
Rxa3 45. Rxb5 Ra4 46. g3 Rc4) 44... Rxa3 45. Rxb5 Ng4 $1 46. Bxg4 Ra1+ 47. Kh2
c2 {Ftacnik,L} 1/2-1/2

[Event "Reykjavik Summit"]
[Site "Reykjavik"]
[Date "1990.??.??"]
[Round "?"]
[White "Gurevich, Mikhail"]
[Black "Adams, Michael"]
[Result "1/2-1/2"]
[WhiteElo "2645"]
[BlackElo "2555"]
[Annotator "Ftacnik,L"]
[PlyCount "77"]
[EventDate "1990.03.??"]
[EventType "team"]
[EventRounds "6"]
[EventCountry "ISL"]
[SourceTitle "CBM 018"]
[Source "ChessBase"]
[SourceDate "1990.10.01"]
[SourceVersion "1"]
[SourceVersionDate "1990.10.01"]
[SourceQuality "1"]

1. d4 Nf6 2. c4 e6 3. Nc3 Bb4 4. Qc2 O-O 5. a3 Bxc3+ 6. Qxc3 b6 7. Bg5 Bb7 8.
f3 h6 9. Bh4 d5 10. e3 Nbd7 11. Nh3 c5 12. cxd5 Nxd5 13. Bxd8 Nxc3 14. Be7 Rfe8
15. Bh4 Nd5 16. Bb5 g5 17. Bf2 N5f6 $5 {N} (17... Red8 18. e4 N5f6 19. dxc5
Nxc5 20. Bxc5 bxc5 21. Rc1 a6 22. Be2 Rac8 $10 {Lerner,K-Dzhandzhgava,L/New
York op/1990/ ->EXP 16}) 18. dxc5 bxc5 (18... Rec8 $6 19. cxb6 axb6 20. e4 Rc2
21. Bd4 Rxg2 22. Nf2 g4 23. Bxd7 Nxd7 24. Nxg4 Ba6 25. O-O-O $16 {Dreev,
A-Levitt,L/Reykjavik Summit/1990/ ->CBM 18}) 19. O-O-O Re7 (19... Red8) 20. Bg3
a6 (20... e5 21. Nf2) 21. Be2 (21. Bd6 $5 Ree8 22. Be2 Rac8 $14) 21... Bc6 22.
Nf2 Bb5 23. Bxb5 (23. Rhe1 Nd5 24. Bxb5 axb5 $10) 23... axb5 24. h4 e5 25. hxg5
hxg5 26. Nh3 (26. Rd6 $14) 26... Nh7 27. e4 b4 28. axb4 cxb4 29. Bf2 g4 30. Bh4
(30. fxg4 Nhf6 31. Bh4 Re6 32. Bxf6 (32. Nf2 Nc5 $132) 32... Nxf6 33. Nf2 Rc6+
34. Kb1 Rc4 $132) 30... Re6 31. Nf2 gxf3 32. gxf3 Nc5 33. Kd2 Ra2 34. Rhg1+ Kf8
35. Kc2 b3+ 36. Kc3 (36. Kb1 Re8 37. Rd5 Rea8) 36... Na4+ 37. Kxb3 Rxb2+ 38.
Ka3 Rb8 39. Rd8+ {Ftacnik,L} 1/2-1/2